|
|
|
|
| LEADER |
01676nam a2200289 i 4500 |
| 003 |
GR-PaULI |
| 005 |
20250131095555.0 |
| 008 |
230904s1985 gr a|||| |||| 000 0 gre d |
| 040 |
|
|
|a GR-PaULI
|b gre
|c GR-PaULI
|d AACR2
|
| 041 |
1 |
|
|a gre
|h eng
|
| 082 |
0 |
4 |
|2 23
|a 306.093 85
|
| 100 |
|
|
|9 62595
|a Hardwick, Lorna
|e συγγραφέας.
|
| 245 |
1 |
0 |
|a Κοινωνική ιστορία της αρχαίας Αθήνας /
|b Lorna Hardwick ; μετάφραση Ντέπη Αλβανού ; επιστημονική επιμέλεια Εύη Χρονοπούλου.
|
| 260 |
|
|
|a Αθήνα :
|b Κουτσούμπος,
|c 1985.
|
| 300 |
|
|
|a 264 σ. :
|b εικ. ;
|c 21 εκ.
|
| 490 |
1 |
|
|a Το Ανοικτό Πανεπιστήμιο
|
| 500 |
|
|
|a Από τη σειρά εκδόσεων του Ανοικτού Πανεπιστημίου της Αγγλίας.
|
| 500 |
|
|
|a Τίτλος πρωτοτύπου: Athenian social history.
|
| 651 |
|
4 |
|9 51306
|a Αθήνα, Αρχαία
|x Κοινωνικές συνθήκες.
|
| 700 |
|
|
|9 58907
|a Αλβανού, Ντέπη
|e μεταφράστρια
|
| 765 |
0 |
|
|t American social history.
|i Μετάφραση του:
|
| 830 |
|
0 |
|a Ανοικτό Πανεπιστήμιο
|9 164881
|
| 942 |
|
|
|2 ddc
|c BK
|
| 952 |
|
|
|0 0
|1 0
|2 ddc
|4 0
|6 306_093000000000000_85_HAR
|7 0
|9 374156
|a LISP
|b LISP
|c DON
|d 2023-09-22
|e ΣΩΤ
|i 261329
|l 0
|o 306.093 85 HAR
|p 025000302501
|r 2023-09-22 00:00:00
|t 1
|w 2023-09-22
|y BK15
|
| 952 |
|
|
|0 0
|1 0
|2 ddc
|4 0
|6 306_093000000000000_85_HAR
|7 0
|9 386872
|a LISP
|b LISP
|c DON
|d 2025-01-31
|e ΠΑΝ
|i 093263
|l 0
|o 306.093 85 HAR
|p 025000162493
|r 2025-01-31 09:42:01
|t 2
|w 2025-01-31
|y BKN
|
| 998 |
|
|
|b ΠΑΠΑΔΟΠΟΥΛΟΣ
|c 2023-09
|
| 999 |
|
|
|c 217930
|d 217930
|